00321 a2200133 4500020001800000040001300018082001100031100002200042245004100064260002700105300001100132650002300143700002100166 a9780099273974 aDLCbDLC a813.52 aHemingway, Ernest aA farewell to armscErnest Hemingway aLondonbVintagec1999. a293 p. aMilitary deserters aErnest Hemingway